000 004210000a22001810004500
003 LK-CoMWRAF
005 20230928114543.0
008 230817t ||||| |||| 00| 0 eng d
040 _aLK-CoMWRAF
_dLK-CoMWRAF
_eLK-CoMWRAF
041 _aeng
082 _a297.63
_bHUS
100 _aHussain, M.Mohideen
245 _aThe Prophet of mercy
260 _c1995
300 _a60p
650 _aProphet--Mercy
942 _cBK
999 _c1105
_d1105